[Event "45th Olympiad Budapest 2024"]
[Site "Budapest"]
[Date "2024.09.19"]
[Round "8"]
[Board "2"]
[White "Volpinari, Danilo"]
[Black "Bridet, Robert"]
[Result "1-0"]
[WhiteElo "1939"]
[BlackElo "1697"]
[PlyCount "67"]
[EventDate "2024.09.11"]
[EventType "team-tourn"]
[EventRounds "11"]
[EventCountry "HUN"]
[WhiteTeam "San Marino"]
[BlackTeam "Dominica"]
[WhiteTeamCountry "SMR"]

1. e4 e5 2. Nf3 Nc6 3. Bc4 Bc5 4. c3 Nf6 5. d3 h6 6. b4 Bd6 7. Nbd2 ({RR} 7. Be3 Ne7 8. Nbd2 c6 9. h3 Bc7 10. d4 Ng6 11. d5 cxd5 12. exd5 d6 13. Qc2 O-O 14. Ne4 Nxe4 15. Qxe4 f5 16. Qc2 Nh4 17. Nxh4 Qxh4 18. Bb3 f4 19. Bc5 b6 20. g3 Qf6 21. gxf4 bxc5 {0-1 Bui,N (2343)-Do,Q (2320) VIE-ch U13 Ho Chi Minh City 2022 (2)}) ({RR} 7. h3 a5 8. b5 Na7 9. a4 b6 10. Be3 c6 11. O-O O-O 12. Qd2 Bc7 13. Nh2 d6 14. f4 Bd7 15. Na3 d5 16. exd5 cxd5 17. Ba2 e4 18. d4 Bd6 19. Nc2 Nc8 20. g4 g6 21. f5 g5 {1-0 Gaberov,T (1669)-Tunev,V Open ch-MKD 2024 (5.24)}) 7... O-O 8. Nf1 b6 9. Ng3 Ne7 $146 ({RR} 9... Bb7 10. Nf5 Ne7 11. N3h4 Nxf5 12. Nxf5 Be7 13. Qf3 Kh7 14. Qg3 Ne8 15. h4 Bf6 16. Qe3 d5 17. exd5 Bxd5 18. Bb3 Bxb3 19. axb3 Qd5 20. Qe4 Qxe4+ 21. dxe4 Nd6 22. Nxd6 cxd6 23. b5 Be7 24. g4 {1-0 Gantar,J (2110)-Kralj,M (1791) SLO-ch U20 qual 2010 (1)}) 10. Nh4 a5 11. b5 Bc5 12. Nh5 Nxh5 13. Qxh5 Kh7 14. O-O d5 15. exd5 Nxd5 16. d4 Nf6 17. Qxe5 Bd6 18. Qe2 Bxh2+ 19. Kxh2 Ng4+ 20. Kg3 g5 21. Bd3+ f5 22. Nxf5 Bxf5 23. Bxf5+ Rxf5 24. Qxg4 Qd6+ 25. Kh3 Kg6 26. Qe4 h5 27. f3 Rh8 28. Qc6 g4+ 29. Kh4 Rxb5 30. Qxd6+ cxd6 31. Ba3 Rd5 32. Rae1 Rf8 33. fxg4 hxg4 34. Rxf8 1-0

[Event "45th Olympiad Budapest 2024"]
[Site "Budapest"]
[Date "2024.09.19"]
[Round "8"]
[Board "3"]
[White "Thomas, Larry"]
[Black "Grassi, Enrico"]
[Result "1/2-1/2"]
[WhiteElo "1686"]
[BlackElo "1965"]
[PlyCount "54"]
[EventDate "2024.09.11"]
[EventType "team-tourn"]
[EventRounds "11"]
[EventCountry "HUN"]
[WhiteTeam "Dominica"]
[BlackTeam "San Marino"]
[BlackTeamCountry "SMR"]

1. d4 c5 2. d5 g6 3. e4 d6 4. Nf3 Bg7 5. c3 ({RR} 5. h3 a6 6. a4 e6 7. Nc3 Ne7 8. Bc4 e5 9. Be2 O-O 10. a5 Nd7 11. h4 h6 12. h5 g5 13. g4 b5 14. axb6 Nxb6 15. Nh2 a5 16. Nf1 Bd7 17. Ne3 a4 18. Bd2 Qc7 19. Ra3 Rfb8 {1-0 Ernst,S (2554)-Petkov,V (2512) Ortisei Server24 op 1st 2012 (3)}) 5... Nf6 6. Qc2 ({RR} 6. Bd3 O-O 7. O-O Bg4 8. h3 Bxf3 9. Qxf3 Na6 10. Bg5 Nc7 11. Nd2 b5 12. a4 a6 13. axb5 axb5 14. Qe2 Qd7 15. f4 Rfb8 16. f5 c4 17. Bc2 Rxa1 18. Rxa1 Ra8 19. Rxa8+ Nxa8 20. fxg6 hxg6 {½-½ Brzezina,P (2346)-Roberson,P (2426) Titled Tue 16th Apr Early 2024 (10)}) 6... O-O 7. Be2 Bd7 $146 ({RR} 7... e6 8. dxe6 Bxe6 9. O-O Nc6 10. Bg5 h6 11. Be3 Qe7 12. Nfd2 d5 13. f3 Rad8 14. Bf2 Rfe8 15. Bb5 Bd7 16. Na3 dxe4 17. Rfe1 a6 18. Bf1 Bf5 19. fxe4 Nxe4 20. Bd3 Rxd3 21. Qxd3 Rd8 22. Rxe4 {0-1 Korinek,P (1969)-Plischki,S (2333) Hradec Kralove op 2012 (2)}) ({RR} 7... e5 8. O-O Nh5 9. Be3 Nf4 10. Bxf4 exf4 11. Nbd2 f5 12. exf5 Bxf5 13. Bd3 Bg4 14. h3 Bh5 15. Rae1 Nd7 16. Re2 Ne5 17. Be4 b5 18. Ree1 Nd7 19. b3 a5 20. c4 b4 21. Bd3 a4 22. Re4 {1-0 Kuttenberg,K (1675)-Fiala,R (1900) Klatovy op-B 1997}) 8. O-O b5 9. Bf4 a5 10. a3 Na6 11. c4 Rb8 12. cxb5 Bxb5 13. Bxb5 Rxb5 14. Nc3 Rb7 15. Nd2 Qb6 16. Rab1 Rfb8 17. h3 Nd7 18. Be3 Qd8 19. Nc4 Ne5 20. Nxe5 Bxe5 21. Rfc1 Rb3 22. Bd2 Qb6 23. Na4 Qb5 24. Nc3 Qb7 25. Na4 Qb5 26. Nc3 Qb7 27. Na4 Qb5 1/2-1/2

[Event "45th Olympiad Budapest 2024"]
[Site "Budapest"]
[Date "2024.09.19"]
[Round "8"]
[Board "4"]
[White "Piva, Michele"]
[Black "Francis, Nigel"]
[Result "1/2-1/2"]
[WhiteElo "1721"]
[BlackElo "1775"]
[PlyCount "136"]
[EventDate "2024.09.11"]
[EventType "team-tourn"]
[EventRounds "11"]
[EventCountry "HUN"]
[WhiteTeam "San Marino"]
[BlackTeam "Dominica"]
[WhiteTeamCountry "SMR"]

1. d4 Nf6 2. c4 g6 3. Nf3 Bg7 4. Nc3 d5 5. Bf4 a6 6. e3 O-O ({RR} 6... c5 7. dxc5 Qa5 8. Nd2 Be6 9. Nb3 Qd8 10. Nd4 Nc6 11. Nxe6 fxe6 12. Be2 Rc8 13. O-O O-O 14. cxd5 exd5 15. Bf3 e5 16. Bg5 d4 17. Ne4 Qa5 18. Qb3+ Kh8 19. Bxf6 Bxf6 20. Qxb7 dxe3 21. fxe3 {1-0 Lang,Z (2221)-Dietlmeier,T (1885) 94th ch-Bavaria 2023 (7.12)}) 7. h3 ({RR} 7. Rc1 dxc4 8. Bxc4 Nh5 9. Bg5 Qd6 10. O-O Bg4 11. h3 Bxf3 12. Qxf3 Nc6 13. Ne4 Qb4 14. Bd5 Rae8 15. Nc5 h6 16. g4 hxg5 17. gxh5 Rd8 18. hxg6 Rd6 19. Bxf7+ Rxf7 20. Qxf7+ Kh8 21. Qe8+ {1-0 Kohlweyer,B (2454)-Muendle,K Liechtenstein op 21st 2003 (3)}) 7... dxc4 8. Bxc4 b6 $146 ({RR} 8... b5 9. Bb3 Bb7 10. O-O c5 11. dxc5 Qxd1 12. Bxd1 Nbd7 13. b4 Ne4 14. Nxe4 Bxa1 15. Bc2 Bg7 16. Nfd2 Rac8 17. Nb3 Rfd8 18. f3 Ne5 19. Na5 Ba8 20. Rd1 Rxd1+ 21. Bxd1 Nd3 22. a3 Nxf4 23. exf4 {0-1 Lamelas Suarez,F-Rodriguez Rozada,D Asturias-ch Oviedo 2004 (8)}) ({RR} 8... c5 9. dxc5 Qa5 10. Rc1 Qxc5 11. Qb3 Nc6 12. Nb5 Be6 13. Nc7 Bxc4 14. Rxc4 Qa5+ 15. Nd2 Rad8 16. e4 e5 17. Nd5 exf4 18. Qxb7 Nxd5 {0-1 Voulon,O (2042)-Bausch,T (2109) Mittelrhein Verbandsliga-W 16/17 2016 (10.2)}) 9. O-O Bb7 10. Rc1 e6 11. a3 Nc6 12. b4 Ne7 13. Bh2 Rc8 14. Be2 c5 15. bxc5 bxc5 16. Qb3 Bxf3 17. Bxf3 cxd4 18. Rfd1 Qa5 19. exd4 Ned5 20. Nxd5 Nxd5 21. Bd6 Rxc1 22. Rxc1 Rd8 23. Bc5 Qd2 24. Rd1 Qg5 25. Qb7 a5 26. Qa7 a4 27. Qa5 Bf6 28. Bxd5 Qxd5 29. Qxa4 Kg7 30. Qb4 e5 31. Rd3 exd4 32. a4 Qe4 33. Qd2 Rd5 34. Bb6 Be5 35. f3 Qh4 36. Qf2 Qf6 37. a5 Qd6 38. Kf1 Qb4 39. Qa2 Rb5 40. Ke2 Qb2+ 41. Qxb2 Rxb2+ 42. Rd2 Rb3 43. Bxd4 Bxd4 44. Rxd4 Ra3 45. Rd5 Kf6 46. Rb5 Ke7 47. g4 Kd6 48. Rb7 Ke6 49. Rb6+ Ke5 50. a6 f5 51. Rb7 Rxa6 52. Rxh7 fxg4 53. hxg4 Ra2+ 54. Ke3 Ra3+ 55. Kf2 Kf4 56. Rf7+ Kg5 57. Kg3 Rb3 58. Rc7 Ra3 59. Rc5+ Kf6 60. g5+ Ke6 61. Kg4 Ra4+ 62. f4 Kf7 63. Rd5 Rb4 64. Kf3 Ke6 65. Re5+ Kf7 66. Re4 Rb3+ 67. Kg4 Rb5 68. Kf3 Rb3+ 1/2-1/2

[Event "45th Olympiad Budapest 2024"]
[Site "Budapest"]
[Date "2024.09.19"]
[Round "8"]
[Board "1"]
[White "Moncur, Cecil"]
[Black "Mahamat, Hachim Bachar"]
[Result "0-1"]
[WhiteElo "1839"]
[BlackElo "1872"]
[PlyCount "80"]
[EventDate "2024.09.11"]
[EventType "team-tourn"]
[EventRounds "11"]
[EventCountry "HUN"]
[WhiteTeam "Bahamas"]
[BlackTeam "Chad"]
[WhiteTeamCountry "BAH"]
[BlackTeamCountry "CHD"]

1. d4 e6 2. e4 d5 3. e5 c5 4. c3 Nc6 5. Nf3 Nge7 6. Bd3 Ng6 7. h4 h5 ({RR} 7... cxd4 8. cxd4 Be7 9. h5 Nf8 10. Nc3 f5 11. exf6 Bxf6 12. Bf4 a6 13. O-O g5 14. Bg3 Kf7 15. Ne5+ Nxe5 16. dxe5 Be7 17. f4 Ke8 18. Qf3 Bd7 19. Kh1 Bc5 20. Rac1 Rc8 21. h6 Qe7 22. Qh5+ {1-0 Ristic,N (2450)-Maksimovic,B (2402) SCG-chT1 Vrnjacka Banja 2005 (5)}) ({RR} 7... cxd4 8. cxd4 Bb4+ 9. Nc3 Bd7 10. h5 Nge7 11. a3 Bxc3+ 12. bxc3 Na5 13. Ng5 h6 14. Nh3 Rc8 15. Bd2 Nc4 16. O-O Nb2 17. Qc2 Nxd3 18. Qxd3 a6 19. Qf3 Nc6 20. Qg4 Kf8 21. Rfe1 Qb6 22. Rab1 {1-0 Capella,R (1952)-Zebaze,D (1837) Olympiad-44 Chennai 2022 (2.3)}) 8. Bxg6 fxg6 9. Qd3 Ne7 10. dxc5 $146 ({RR} 10. Ng5 cxd4 11. cxd4 Qb6 12. Nc3 Bd7 13. O-O Nf5 14. g3 Qxd4 15. Qc2 Qxe5 16. Bf4 Qd4 17. Rad1 Qb6 18. Rfe1 Bc5 19. Nxd5 {1-0 Volozhanin,B (1821)-Makarenkov,Y (1767) Cheliabinsk Region CC-ch sf 2010 (7)}) 10... Nf5 11. Bg5 Qc7 12. b4 a5 13. Nbd2 axb4 14. cxb4 b6 15. Nb3 bxc5 16. bxc5 Ba6 17. Qc2 Bc4 18. Be3 Ra3 19. Rb1 Be7 20. Bg5 O-O 21. Bxe7 Nxe7 22. Qb2 Rfa8 23. Nfd2 Bd3 24. Ra1 Nc6 25. f4 R8a4 26. Rh3 Bf5 27. Rc3 d4 28. Rc4 Qd8 29. g3 Qd5 30. Rxa4 Rxa4 31. a3 Qg2 32. Nc1 Qxg3+ 33. Kd1 Qg1+ 34. Ke2 Qg2+ 35. Kd1 d3 36. Nc4 Bg4+ 37. Ke1 Qg1+ 38. Kd2 Rxc4 39. Nxd3 Qg2+ 40. Ke1 Re4+ 0-1

[Event "45th Olympiad Budapest 2024"]
[Site "Budapest"]
[Date "2024.09.19"]
[Round "8"]
[Board "2"]
[White "Abdelaziz Bokhit, Badjoiri"]
[Black "Ferguson, Joseph"]
[Result "0-1"]
[WhiteElo "1778"]
[BlackElo "1797"]
[PlyCount "126"]
[EventDate "2024.09.11"]
[EventType "team-tourn"]
[EventRounds "11"]
[EventCountry "HUN"]
[WhiteTeam "Chad"]
[BlackTeam "Bahamas"]
[WhiteTeamCountry "CHD"]
[BlackTeamCountry "BAH"]

1. e4 e6 2. Nc3 b6 3. Bc4 Bb7 4. d4 Nf6 5. e5 ({RR} 5. f3 d5 6. exd5 Nxd5 7. Nxd5 Bxd5 8. Bxd5 Qxd5 9. Ne2 Bd6 10. O-O O-O 11. Qd3 c5 12. Kh1 Nc6 13. c4 Qh5 14. Bf4 Rad8 15. Bxd6 Rxd6 16. d5 exd5 17. Nf4 Nb4 18. Qc3 Qf5 19. Nxd5 Nxd5 {0-1 Castillo Hernandez,B (1903)-Lezcano Jaen,P (2393) Las Palmas op 2005 (1.17)}) ({RR} 5. Bg5 Be7 6. Qe2 Nxe4 7. Nxe4 Bxg5 8. Bd3 Be7 9. Nf3 O-O 10. O-O c5 11. c3 d5 12. Ned2 Nc6 13. Rfe1 c4 14. Bc2 b5 15. a4 b4 16. Bb1 b3 17. Nf1 a5 18. Ne3 Qc7 19. h4 g6 {0-1 Cowan,J (1300)-Khan,S (1600) BCF-chT5 1920 (4NCL) online 2020 (8.162)}) 5... Bxg2 6. exf6 Bxh1 $146 ({RR} 6... Qxf6 7. h4 Bxh1 8. Bg5 Qg6 9. Bd3 f5 10. Be2 Qf7 11. Bf3 Bxf3 12. Qxf3 Nc6 13. O-O-O Be7 14. Bxe7 Qxe7 15. d5 Ne5 16. Qg3 Nc4 17. Qxc7 Qb4 18. b3 Qa3+ 19. Kb1 {0-1 Birkett,C (1695)-Berendsen,D Douglas IoM Major op 2016 (6)}) 7. fxg7 Bxg7 8. Qg4 Bf8 9. Bf4 d6 10. O-O-O Bc6 11. d5 h5 12. Qh3 Qf6 13. Nge2 Bh6 14. Bxh6 Qxh6+ 15. f4 Bd7 16. Qh4 Rg8 17. Ne4 Rg6 18. N2g3 f5 19. Ng5 e5 20. Re1 a5 21. Bd3 Rxg5 22. fxg5 Qg6 23. Nxh5 Kd8 24. Nf6 Kc8 25. Qh6 Qf7 26. Nxd7 Nxd7 27. g6 Qf6 28. Bb5 e4 29. Qh7 Ne5 30. g7 Qg5+ 31. Kb1 Kb7 32. h4 Qg3 33. Rf1 f4 34. Qxe4 Qxg7 35. Bc6+ Nxc6 36. dxc6+ Ka7 37. Qxf4 Rh8 38. a4 Qg2 39. Qf6 Rxh4 40. Qxh4 Qxf1+ 41. Ka2 Qe2 42. c4 Qf3 43. Qg5 Qxc6 44. Qb5 Qc5 45. Qxc5 bxc5 46. Kb3 c6 47. Kc3 d5 48. b3 d4+ 49. Kd3 Kb6 50. Ke4 Kc7 51. Kf4 Kd6 52. Ke4 Ke6 53. Kf4 Kf6 54. Ke4 Kg5 55. b4 cxb4 56. Kxd4 c5+ 57. Ke4 Kg4 58. Kd5 b3 59. Kxc5 b2 60. Kb5 b1=Q+ 61. Kxa5 Kf5 62. c5 Ke6 63. c6 Kd6 0-1

[Event "45th Olympiad Budapest 2024"]
[Site "Budapest"]
[Date "2024.09.19"]
[Round "8"]
[Board "3"]
[White "Pride, Avian"]
[Black "Adam, Jamal"]
[Result "0-1"]
[WhiteElo "1742"]
[BlackElo "2013"]
[PlyCount "72"]
[EventDate "2024.09.11"]
[EventType "team-tourn"]
[EventRounds "11"]
[EventCountry "HUN"]
[WhiteTeam "Bahamas"]
[BlackTeam "Chad"]
[WhiteTeamCountry "BAH"]
[BlackTeamCountry "CHD"]

1. d4 Nf6 2. c4 e5 3. d5 Bc5 4. h3 ({RR} 4. g3 O-O 5. Bg2 d6 6. e3 Bg4 7. Ne2 Qc8 8. O-O Bh3 9. Nbc3 a5 10. b3 Na6 11. Na4 h5 12. Bd2 Bb4 13. a3 Bxd2 14. Qxd2 h4 15. f3 Bxg2 16. Kxg2 e4 17. b4 exf3+ 18. Rxf3 axb4 {½-½ Simic,M (2184)-Lauer,M (2232) Mittelfranken-chT 0405 2004 (1.2)}) 4... d6 5. Nc3 Bf5 ({RR} 5... O-O 6. Nf3 h6 7. e4 Nbd7 8. Be2 b6 9. O-O Bb7 10. a3 b5 11. Nxb5 Nxe4 12. b4 Ng3 13. bxc5 Nxf1 14. Qxf1 dxc5 15. Be3 c6 16. dxc6 Bxc6 17. Rd1 Qe7 18. Nc7 Rac8 19. Nd5 Bxd5 20. Rxd5 {1-0 Bartel,R (1525)-Manouvel,M Cappelle Online Blitz op 1st 2021 (7)}) 6. Bg5 h6 $146 ({RR} 6... Nbd7 7. e4 Bg6 8. Nge2 h6 9. Bh4 O-O 10. Ng3 Qe8 11. Be2 Bd4 12. Bd3 Bh7 13. Bxf6 Nxf6 14. Nb5 Bb6 15. O-O a6 16. Nc3 Qd7 17. Qf3 Rae8 18. Rac1 Re7 19. Nh5 Nxh5 20. Qxh5 Bg6 21. Qd1 {½-½ Tyagi,K-Fritze,S North American op 2008 (5)}) 7. Bxf6 Qxf6 8. e4 Bd7 9. Nf3 a5 10. Be2 Na6 11. a3 O-O 12. O-O Qe7 13. Qc2 Bb6 14. Ne1 Nc5 15. Nd3 Qg5 16. Kh1 Qh4 17. Nxc5 Bxc5 18. Bd3 g5 19. Qe2 Bxh3 20. gxh3 Qxh3+ 21. Kg1 g4 22. Nd1 g3 23. Qh5 Qxh5 24. Kg2 Qh2+ 25. Kf3 g2 26. Ne3 gxf1=Q 27. Rxf1 Bxe3 28. Kxe3 f5 29. exf5 Qf4+ 30. Ke2 e4 31. Rg1+ Kh7 32. Bc2 Rxf5 33. Rf1 Rg8 34. Ke1 Qc1+ 35. Bd1 e3 36. fxe3 Qxe3+ 0-1

[Event "45th Olympiad Budapest 2024"]
[Site "Budapest"]
[Date "2024.09.19"]
[Round "8"]
[Board "4"]
[White "Hassaballa, Ahmed Hassaballa"]
[Black "Skinner, Francis"]
[Result "1-0"]
[WhiteElo "1902"]
[BlackElo "1628"]
[PlyCount "121"]
[EventDate "2024.09.11"]
[EventType "team-tourn"]
[EventRounds "11"]
[EventCountry "HUN"]
[WhiteTeam "Chad"]
[BlackTeam "Bahamas"]
[WhiteTeamCountry "CHD"]
[BlackTeamCountry "BAH"]

1. e4 e5 2. Nf3 Nc6 3. Nc3 Bc5 4. Bc4 Nf6 5. O-O O-O 6. d3 d6 7. a3 Bg4 8. h3 Bxf3 9. Qxf3 Nd4 10. Qd1 a6 ({RR} 10... c6 11. Ba2 b5 12. Ne2 d5 13. Ng3 Ne6 14. Qf3 Nd4 15. Qd1 Ne6 16. Qe2 Nd4 17. Qd1 {½-½ Murshed,N (2363)-Aradhya,G (2392) Elegant GM Aspirant 2 2024 (3.1)}) 11. Bg5 h6 12. Bh4 c6 $146 ({RR} 12... Rb8 13. Nd5 g5 14. Nxf6+ Qxf6 15. c3 gxh4 16. cxd4 Bxd4 17. Qd2 b5 18. Bd5 Rbc8 19. a4 c6 20. Bb3 Rfd8 21. Kh1 d5 22. exd5 cxd5 23. f4 e4 24. Rab1 e3 25. Qe2 Kf8 26. f5 Rd6 27. Rf4 {1-0 Danwe Maissiri,C-Amon Wantok,D Olympiad Women-44 2022 (8.3)}) 13. Nb1 Qe7 14. c3 Ne6 15. Qf3 Nf4 16. Nd2 b5 17. Ba2 Rad8 18. Rfd1 g5 19. Bg3 N6h5 20. Nf1 Qf6 21. Kh2 Kh7 22. Ne3 Ng7 23. d4 Bb6 24. Rac1 h5 25. Nf5 Kg6 26. Bxf4 Nxf5 27. exf5+ Kh6 28. Be3 d5 29. h4 Rg8 30. hxg5+ Rxg5 31. Bxg5+ Qxg5 32. Qe3 e4 33. Qxg5+ Kxg5 34. Kg1 Kxf5 35. Kf1 Bc7 36. g3 Kg4 37. Ke2 f5 38. Rh1 Rh8 39. Rh4+ Kg5 40. Rch1 Rh6 41. f4+ Kg6 42. Ke3 Bd8 43. R4h3 h4 44. gxh4 Kh5 45. Rg1 Bf6 46. Bb3 Rh7 47. Bd1+ Kh6 48. Rhg3 Rg7 49. Rxg7 Bxg7 50. h5 c5 51. Rg6+ Kh7 52. Rxa6 b4 53. axb4 cxb4 54. Ra7 bxc3 55. bxc3 Kh6 56. Rxg7 Kxg7 57. Bb3 Kh6 58. Bxd5 Kxh5 59. Be6 Kg6 60. c4 Kf6 61. d5 1-0

[Event "45th Olympiad Budapest 2024"]
[Site "Budapest"]
[Date "2024.09.19"]
[Round "8"]
[Board "1"]
[White "Bodin-Hullin, Thomas"]
[Black "Solomon, Joshua"]
[Result "1-0"]
[WhiteElo "1855"]
[BlackElo "1587"]
[PlyCount "61"]
[EventDate "2024.09.11"]
[EventType "team-tourn"]
[EventRounds "11"]
[EventCountry "HUN"]
[WhiteTeam "Senegal"]
[BlackTeam "Antigua and Barbuda"]
[WhiteTeamCountry "SEN"]

1. e4 c6 2. Nc3 d5 3. Nf3 dxe4 4. Nxe4 Nf6 5. Qe2 e6 ({RR} 5... Bg4 6. h3 Bxf3 7. Nxf6+ gxf6 8. Qxf3 e6 9. c3 Qd5 10. Qxf6 Qe4+ 11. Kd1 Rg8 12. d3 Qd5 13. Qh4 Nd7 14. Kc2 Be7 15. Qe4 Qxe4 16. dxe4 Bc5 17. f3 Ne5 18. f4 Ng6 19. g4 O-O-O 20. Be2 {1-0 Nepomniachtchi,I (2707)-Andreikin,D (2723) Moscow friendly m rap rapid 2012 (1)}) 6. d4 Nbd7 7. Ng3 ({RR} 7. Bf4 Nxe4 8. Qxe4 Nf6 9. Qd3 Bd6 10. Ne5 O-O 11. Be2 Qc7 12. O-O-O b5 13. g4 a5 14. Qh3 Nd7 15. Bd3 g6 16. Bh6 Re8 17. f4 c5 18. Qf3 Bb7 19. Be4 Bxe4 20. Qxe4 Nf6 21. Qe2 cxd4 {0-1 Hitchcock,S-Hamboyan,V ch-CAN Youth U18 2024 (2.12)}) 7... Bd6 $146 ({RR} 7... Be7 8. Bd2 O-O 9. O-O-O b5 10. h4 Bb7 11. Ne5 Qc7 12. f4 c5 13. Qe1 cxd4 14. Bd3 Nd5 15. Ne4 Nxe5 16. fxe5 Qxe5 17. Qf2 f5 18. Ng5 h6 19. Rde1 Ne3 20. Bxe3 dxe3 21. Rxe3 Qd5 22. Nxe6 {0-1 Nilsen,T (2169)-Shimelkov,V (2159) Titled Tuesday intern op 10th Aug blitz 2021 (6)}) 8. Bd2 O-O 9. O-O-O b5 10. Ne5 Qc7 11. f4 Bb7 12. Nh5 Nxh5 13. Qxh5 Nf6 14. Qh4 c5 15. dxc5 Qxc5 16. Bd3 Rfd8 17. Kb1 a5 18. Rhe1 Be7 19. Qh3 g6 20. g4 b4 21. f5 Nd5 22. fxe6 Nc3+ 23. Ka1 fxe6 24. g5 Bd5 25. Nxg6 Bxg5 26. Bxg5 Rd7 27. Ne5 Rb7 28. Be3 Qe7 29. Rg1+ Kf8 30. Rdf1+ Ke8 31. Rg8+ 1-0

[Event "45th Olympiad Budapest 2024"]
[Site "Budapest"]
[Date "2024.09.19"]
[Round "8"]
[Board "2"]
[White "Matthew, Bailey"]
[Black "Lesbros, Bernard"]
[Result "1-0"]
[WhiteElo "1548"]
[BlackElo "1938"]
[PlyCount "117"]
[EventDate "2024.09.11"]
[EventType "team-tourn"]
[EventRounds "11"]
[EventCountry "HUN"]
[WhiteTeam "Antigua and Barbuda"]
[BlackTeam "Senegal"]
[BlackTeamCountry "SEN"]

1. e4 c5 2. d4 cxd4 3. c3 d3 4. Bxd3 Nc6 5. Nf3 g6 6. c4 Bg7 7. O-O d6 8. h3 Nf6 9. Nc3 O-O 10. Be3 Be6 11. Qd2 Rc8 12. b3 Qa5 13. Rac1 Rfd8 $146 ({RR} 13... Nd7 14. Ng5 Nc5 15. Nxe6 Nxe6 16. f4 Bd4 17. Kh1 Bxe3 18. Qxe3 Ned4 19. Rf2 Qc5 20. Nd5 Ne6 21. Qd2 Qd4 22. b4 Nc7 23. Rd1 Nxd5 24. exd5 Nxb4 25. Bf1 Qxd2 26. Rfxd2 Na6 27. Re1 Rfe8 28. Kg1 {0-1 Kiss,L (2265)-Bogdanov,E (2150) FRA-ch op FIDE 1994 (3)}) 14. Bb1 Qh5 15. Ng5 Bd7 16. f4 e5 17. Nd5 Nxd5 18. exd5 Nd4 19. g4 Bxg4 20. Bxd4 Bxh3 21. Nxh3 Qxh3 22. Bxa7 exf4 23. Qxf4 Be5 24. Qf2 Re8 25. Qg2 Qh4 26. Bf2 Bd4 27. Bxd4 Qxd4+ 28. Qf2 Qg4+ 29. Qg2 Qd4+ 30. Rf2 Qe3 31. Rcf1 Re5 32. Qf3 Rg5+ 33. Kh1 Rh5+ 34. Rh2 Rxh2+ 35. Kxh2 Qh6+ 36. Qh3 Qd2+ 37. Kh1 f5 38. Qg3 Re8 39. Bxf5 Qh6+ 40. Kg1 Re3 41. Be6+ Kh8 42. Qf4 Qxf4 43. Rxf4 b6 44. Rf7 Re2 45. Ra7 h5 46. Ra6 g5 47. Rxb6 Rxa2 48. Rxd6 Kg7 49. Rb6 Kf6 50. Bg4+ Ke5 51. Bxh5 Kf4 52. d6 Kg3 53. Kf1 Rh2 54. d7 Rd2 55. Be8 g4 56. c5 Kf3 57. Ke1 Rd5 58. Rd6 Re5+ 59. Kd2 1-0

[Event "45th Olympiad Budapest 2024"]
[Site "Budapest"]
[Date "2024.09.19"]
[Round "8"]
[Board "3"]
[White "Marochkina, Nadezhda Valerevna"]
[Black "Farquhar, Abner"]
[Result "1-0"]
[WhiteElo "1792"]
[BlackElo "1678"]
[PlyCount "123"]
[EventDate "2024.09.11"]
[EventType "team-tourn"]
[EventRounds "11"]
[EventCountry "HUN"]
[WhiteTeam "Senegal"]
[BlackTeam "Antigua and Barbuda"]
[WhiteTeamCountry "SEN"]

1. d4 d5 2. c4 e6 3. Nf3 Nf6 4. Bg5 dxc4 5. Nc3 Be7 6. e3 c5 7. Bxc4 cxd4 8. Nxd4 e5 $146 ({RR} 8... a6 9. Qf3 O-O 10. O-O Qc7 11. Bd3 Rd8 12. Rac1 Qa5 13. Bxf6 Bxf6 14. Ne4 Nd7 15. Bb1 Be7 16. Qh3 Nf8 17. Qf3 Ng6 18. a3 Rb8 19. Rc3 Nh4 20. Qg3 Bd7 21. Nd2 Qh5 22. N2f3 Nxf3+ 23. Qxf3 {½-½ Petrus,B-Nilsson,K SWE South Region-ch 1968 (7)}) ({RR} 8... Bd7 9. O-O Nc6 10. Nf3 O-O 11. Qe2 Qa5 12. a3 Ne5 13. Nxe5 Qxe5 14. Bf4 Qh5 15. Rfd1 Bc6 16. Qxh5 Nxh5 17. Bd6 Bxd6 18. Rxd6 Rfd8 19. Rad1 Rxd6 20. Rxd6 Kf8 21. f3 Ke7 22. Rd2 Nf6 23. e4 {½-½ Fressinet,L (2652)-Lysyj,I (2589) Julius Baer Play-In 2023 (4.11)}) ({RR} 8... Bd7 9. O-O Nc6 10. Qc2 Nxd4 11. exd4 O-O 12. Rad1 Ne8 13. Bxe7 Qxe7 14. d5 exd5 15. Nxd5 Qg5 16. Rfe1 Be6 17. Re3 Rc8 18. f4 Qh4 19. g3 Qd8 20. Qe2 Bxd5 21. Bxd5 Qb6 22. Kh1 Nd6 23. Re7 {1-0 Arevalo,C-Guarin Cardona,D Pan American-ch U14 Girls 2004 (9)}) ({RR} 8... O-O 9. O-O a6 10. Qf3 h6 11. Bh4 Qc7 12. Bb3 Bd7 13. Rac1 Bc6 14. Nxc6 Qxc6 15. Nd5 Qd6 16. Nxf6+ Bxf6 17. Bxf6 gxf6 18. Qxb7 Nd7 19. Rfd1 Nc5 20. Qb4 Nxb3 21. Qxd6 Nxc1 22. Rxc1 Rfd8 23. Qf4 {1-0 Duebon,P-Lossnitzer,A SJP-ch U20 Bad Duerkheim 1996}) 9. Bb5+ Kf8 10. Nf3 a6 11. Be2 Qxd1+ 12. Rxd1 Nc6 13. O-O Be6 14. Rd2 Bb4 15. Rfd1 Bxc3 16. bxc3 Ne4 17. Rc2 f6 18. Bh4 Rc8 19. Nd2 Nb4 20. cxb4 Rxc2 21. Nxe4 Rxe2 22. Ng3 Rxa2 23. Rd8+ Ke7 24. Rxh8 Ra1+ 25. Nf1 Bc4 26. h3 Bxf1 27. Kh2 Bd3 28. Rc8 Be4 29. Rc5 Kd7 30. b5 a5 31. f3 b6 32. Rc3 Bb7 33. Rb3 a4 34. Rb4 Bd5 35. f4 a3 36. Ra4 a2 37. e4 Rb1 38. Ra7+ Kd6 39. fxe5+ fxe5 40. Be7+ Ke6 41. exd5+ Kxd5 42. Rxa2 Rxb5 43. Bd8 Rb1 44. Ra7 b5 45. Rxg7 b4 46. Rxh7 b3 47. Rb7 Kc4 48. h4 b2 49. Bf6 Rf1 50. Rxb2 Rxf6 51. g4 e4 52. g5 Rf4 53. Kg3 Rf3+ 54. Kg4 Rf1 55. Rb7 e3 56. Re7 Kd3 57. Rd7+ Kc2 58. Re7 Kd2 59. g6 e2 60. Kh5 Rg1 61. Kh6 Rg4 62. h5 1-0

[Event "45th Olympiad Budapest 2024"]
[Site "Budapest"]
[Date "2024.09.19"]
[Round "8"]
[Board "4"]
[White "Solomon, Jonathan"]
[Black "Cisse, Amadou Lamine"]
[Result "0-1"]
[WhiteElo "1536"]
[BlackElo "1948"]
[PlyCount "40"]
[EventDate "2024.09.11"]
[EventType "team-tourn"]
[EventRounds "11"]
[EventCountry "HUN"]
[WhiteTeam "Antigua and Barbuda"]
[BlackTeam "Senegal"]
[BlackTeamCountry "SEN"]

1. d4 d6 2. Bf4 Nf6 3. e3 g6 4. Nf3 Bg7 5. Nbd2 Nbd7 6. Bd3 O-O 7. O-O Re8 8. e4 e5 9. dxe5 dxe5 10. Be3 h6 11. h3 Qe7 12. Re1 $146 ({RR} 12. Nb3) 12... Nh5 13. Nc4 Nf4 14. Qd2 g5 15. Rad1 Qf6 16. b3 Nxh3+ 17. Kh2 Nf4 18. g3 Nxd3 19. Kg2 Nxe1+ 20. Rxe1 Nf8 0-1